00895 2200301 4500001002100000005001500021035002000036040001700056082001600073084001600089090001900105245011900124250002000243260004500263300004500308650003200353700001600385850001200401041000800413020002200421007000300443008004100446504002900487710002300516990001800539990001800557990001800575INLIS00000000081627820180907013014 a0010-0818000909 aYOPDYOGbind04223a530.076 a530.076 SIA aPK 530.076 SIA1 aSiap jadi juara olimpiade sains nasional matematika :bSMP sederajat /cTim Pustaka Cerdas; ilustrasi, Anas Alinea aCetakan pertama aYogyakarta :bPustaka Baru Press,c[s.a] a165 halaman :bilustrasi, tabel ;c26 cm 4aFisika--xUjian, soal, dsb.0 aAnas Alinea aYOPDYOG0 aind a978-602-0874-51-7ta180824s a g | ind  aBibliografi: halaman 1642 aTim Pustaka Cerdas a36834-PD/B.18 a36835-PD/B.18 a36836-PD/B.18